000
00317nam a22001457a 4500
020
_a
978-81-243-049-4
082
_a
823
_b
BHA/B
100
_a
BHATT, BHASKERBHARI
245
_a
BIRBAL, THE WISE
260
_b
NAVANEET
300
_a
31
520
_a
ENGLISH SHORT STORY
650
_a
ENGLISH SHORT STORY
942
_c
BK
999
_c
5461
_d
5461